Khắc sâu lời Bác : Hồi ức /

محفوظ في:
التفاصيل البيبلوغرافية
مؤلفون آخرون: Đặng Tính, Hoàng Thế Thiện, Nguyễn Thái Dũng, Nguyễn Thế Lâm, Nguyễn Thị Chiên
التنسيق: Sách giấy
اللغة:Vietnamese
منشور في: H. : Quân đội nhân dân, 2001
الطبعة:In lần thứ hai
سلاسل:Tủ sách phòng Hồ Chí Minh
الوسوم: إضافة وسم
لا توجد وسوم, كن أول من يضع وسما على هذه التسجيلة!
Thư viện lưu trữ: Thư viện Trường Đại học Đà Lạt
LEADER 00871nam a2200349 4500
001 DLU030020785
003 ##DLU
005 ##20021230
008 ##021230t vn z000 vie d
040 # # |a DLU  |b vie 
041 # # |a vie 
044 # # |a vn 
082 # # |a 923.1  |b Kha 
245 # # |a Khắc sâu lời Bác :  |b Hồi ức / 
250 # # |a In lần thứ hai 
260 # # |a H. :  |b Quân đội nhân dân,  |c 2001 
300 # # |a 157 tr. ;  |c 19 cm 
490 # # |a Tủ sách phòng Hồ Chí Minh 
700 # # |a Đặng Tính 
700 # # |a Hoàng Thế Thiện 
700 # # |a Nguyễn Thái Dũng 
700 # # |a Nguyễn Thế Lâm 
700 # # |a Nguyễn Thị Chiên 
992 # # |a 14000 
994 # # |a DLU 
900 # # |a True 
911 # # |a Phan Ngọc Đông 
925 # # |a G 
926 # # |a A 
927 # # |a SH 
980 # # |a Thư viện Trường Đại học Đà Lạt